| 000 | 00487nam a2200181Ia 4500 | ||
|---|---|---|---|
| 008 | 230917s9999||||xx |||||||||||||| ||und|| | ||
| 020 | _cRS560 | ||
| 040 |
_e248300 _aMAIN |
||
| 041 | _aEnglish | ||
| 082 | _a658.3 S58H(2) | ||
| 100 | _aSanghi, Seema | ||
| 245 | 0 | _aHuman resource management | |
| 250 | _a2nd ed. | ||
| 260 |
_aNoida _bVikas Publishing House _c2018 |
||
| 300 | _axvii, 465 p. | ||
| 500 | _a3158 11/06/2018 HBD18/7421 18/06/2018 IMSAR (Dev. & Research) | ||
| 942 | _cBK | ||
| 999 |
_c27096 _d27096 |
||